FUNDAMENTALS OF STATISTICS (Record no. 252446)
[ view plain ]
| 000 -LEADER | |
|---|---|
| fixed length control field | 00503nam a22001817a 4500 |
| 003 - CONTROL NUMBER IDENTIFIER | |
| control field | OSt |
| 005 - DATE AND TIME OF LATEST TRANSACTION | |
| control field | 20160218123316.0 |
| 008 - FIXED-LENGTH DATA ELEMENTS--GENERAL INFORMATION | |
| fixed length control field | 160218b xxu||||| |||| 00| 0 eng d |
| 020 ## - INTERNATIONAL STANDARD BOOK NUMBER | |
| International Standard Book Number | 9780321644787 |
| 040 ## - CATALOGING SOURCE | |
| Transcribing agency | Rongo University |
| 050 ## - LIBRARY OF CONGRESS CALL NUMBER | |
| Classification number | QA276.12 .S846 2011 |
| 100 ## - MAIN ENTRY--PERSONAL NAME | |
| Personal name | SULLIVAN MICHAEL III |
| 245 ## - TITLE STATEMENT | |
| Title | FUNDAMENTALS OF STATISTICS |
| 250 ## - EDITION STATEMENT | |
| Edition statement | 3RD ED. |
| Remainder of edition statement | ANNOTATED INSTRUCTOR'S EDITION |
| 260 ## - PUBLICATION, DISTRIBUTION, ETC. (IMPRINT) | |
| Place of publication, distribution, etc | BOSTON,COL. |
| Name of publisher, distributor, etc | PRENTICE HALL |
| Date of publication, distribution, etc | 2011 |
| 300 ## - PHYSICAL DESCRIPTION | |
| Extent | various pagination |
| Other physical details | ill |
| 942 ## - ADDED ENTRY ELEMENTS (KOHA) | |
| Source of classification or shelving scheme | Library of Congress Classification |
| Koha item type | Long Loan Books |
| Withdrawn status | Lost status | Source of classification or shelving scheme | Damaged status | Not for loan | Collection code | Home library | Current library | Shelving location | Date acquired | Total Checkouts | Full call number | Barcode | Checked out | Date last seen | Date checked out | Price effective from | Koha item type |
|---|---|---|---|---|---|---|---|---|---|---|---|---|---|---|---|---|---|
| Library of Congress Classification | Non-fiction | Rongo University Library | Rongo University Library | General Stacks | 18/02/2016 | 2 | QA276.12 .S846 2011 | 20168728 | 16/09/2016 | 02/09/2016 | 02/09/2016 | 18/02/2016 | Long Loan Books |
